[Event "European Youth Chess Championship G18"]
[Site "Prague, Top Hotel Prague"]
[Date "2016.08.24"]
[Round "6.25"]
[White "Gitu, Paula-Alexandra"]
[Black "Jerabkova, Julia"]
[Result "1-0"]
[WhiteElo "2012"]
[BlackElo "1571"]
[PlyCount "33"]
[EventDate "2016.08.18"]

1. e4 e6 2. d4 d5 3. Nd2 c5 4. exd5 Qxd5 5. Ngf3 cxd4 6. Bc4 Qd8 7. Nb3 e5 8.
Nxe5 Qe7 9. Bxf7+ Kd8 10. Qxd4+ Nd7 11. Bf4 g5 12. Bg3 Bg7 13. O-O-O Nh6 14.
Nc6+ bxc6 15. Qxg7 Nxf7 16. Rhe1 Qf8 17. Qf6+ 1-0

[Event "European Youth Chess Championship G18"]
[Site "Prague, Top Hotel Prague"]
[Date "2016.08.24"]
[Round "6.26"]
[White "Sajjadi, Kimiya"]
[Black "Sit, Victoria"]
[Result "1/2-1/2"]
[WhiteElo "1828"]
[BlackElo "1697"]
[PlyCount "39"]
[EventDate "2016.08.18"]

1. d4 d5 2. c4 c6 3. Nf3 Nf6 4. Qc2 g6 5. e3 Bg7 6. Nc3 O-O 7. cxd5 cxd5 8. Bd3
Nc6 9. a3 Bg4 10. Nd2 e5 11. dxe5 Nxe5 12. O-O Rc8 13. Nb3 Nxd3 14. Qxd3 Bf5
15. Qd1 Ne4 16. Ne2 Nxf2 17. Kxf2 Bc2 18. Qd2 Bxb3 19. Nd4 Bc4 20. Rb1 1/2-1/2

[Event "European Youth Chess Championship G18"]
[Site "Prague, Top Hotel Prague"]
[Date "2016.08.24"]
[Round "6.27"]
[White "Maric, Sara"]
[Black "Silva, Mariana Sofia T"]
[Result "0-1"]
[WhiteElo "1829"]
[BlackElo "1757"]
[PlyCount "84"]
[EventDate "2016.08.18"]

1. d4 Nf6 2. c4 g6 3. Nc3 Bg7 4. Nf3 d6 5. Bg5 O-O 6. e3 c5 7. Bd3 Bg4 8. O-O
Nc6 9. d5 Ne5 10. Be2 Bxf3 11. Bxf3 Nxc4 12. b3 Ne5 13. Rc1 Nxf3+ 14. Qxf3 Nd7
15. Qh3 a6 16. Bh6 Nf6 17. Rfe1 Qd7 18. Qh4 Qg4 19. Qxg4 Nxg4 20. Bxg7 Kxg7 21.
Na4 b5 22. Nc3 Ne5 23. Rcd1 Rac8 24. f4 Nd7 25. e4 c4 26. Re3 Nb6 27. e5 Rc7
28. exd6 exd6 29. Kf2 cxb3 30. axb3 Rc5 31. b4 Rc4 32. Ra1 Rxf4+ 33. Kg3 Rxb4
34. Rxa6 Nc4 35. Rf3 Re8 36. Ra7 Ne5 37. Re3 Rb3 38. Kf4 b4 39. Rb7 Rxc3 40.
Rxc3 bxc3 41. Rc7 Nd3+ 42. Kf3 Nc5 0-1

[Event "European Youth Chess Championship G18"]
[Site "Prague, Top Hotel Prague"]
[Date "2016.08.24"]
[Round "6.28"]
[White "Yolal, Sena Gokcen"]
[Black "Reid, Caitlin"]
[Result "1-0"]
[WhiteElo "1646"]
[BlackElo "1439"]
[PlyCount "67"]
[EventDate "2016.08.18"]

1. e4 c5 2. Nf3 d6 3. d4 cxd4 4. Nxd4 Nf6 5. Nc3 g6 6. Be3 Bg7 7. f3 O-O 8. Bc4
Nc6 9. h4 h5 10. Qd2 Nxd4 11. Bxd4 a6 12. O-O-O b5 13. Bb3 Bd7 14. Nd5 Nxd5 15.
Bxg7 Kxg7 16. Bxd5 Rc8 17. Qd4+ Kh7 18. g4 hxg4 19. h5 g5 20. fxg4 f6 21. Rdg1
Qc7 22. Qd3 b4 23. e5+ Kh8 24. Qg6 e6 25. exf6 Rf7 26. Be4 Bb5 27. Qh6+ Kg8 28.
Qxg5+ Kh8 29. Bg6 Rd7 30. Qh6+ Kg8 31. Qg5 Ba4 32. Bf7+ Kxf7 33. Qg7+ Ke8 34.
Qg8# 1-0

[Event "European Youth Chess Championship G18"]
[Site "Prague, Top Hotel Prague"]
[Date "2016.08.24"]
[Round "6.29"]
[White "Pokorna, Jana"]
[Black "Sarnovska, Eira"]
[Result "1/2-1/2"]
[WhiteElo "1630"]
[BlackElo "1719"]
[PlyCount "63"]
[EventDate "2016.08.18"]

1. e4 e6 2. d4 d5 3. Nc3 Nf6 4. Bg5 dxe4 5. Nxe4 Be7 6. Nxf6+ Bxf6 7. Bxf6 Qxf6
8. Nf3 Nd7 9. Be2 O-O 10. O-O c5 11. c3 cxd4 12. Qxd4 b6 13. Rad1 Qxd4 14. Nxd4
Nc5 15. Bf3 Ba6 16. Bxa8 Bxf1 17. Kxf1 Rxa8 18. Nc6 Kf8 19. b4 Ne4 20. c4 Ke8
21. f3 Nc3 22. Rd2 a6 23. Rc2 Na4 24. Ke2 Rc8 25. Ne5 f6 26. Nd3 Kd7 27. Ke3
Kd6 28. Rd2 Ke7 29. Rc2 Kd6 30. Rd2 Ke7 31. Rc2 Kd6 32. Rd2 1/2-1/2

[Event "European Youth Chess Championship G18"]
[Site "Prague, Top Hotel Prague"]
[Date "2016.08.24"]
[Round "6.30"]
[White "Pilsan, Martha"]
[Black "Temmerman, Sara"]
[Result "0-1"]
[WhiteElo "1640"]
[BlackElo "1631"]
[PlyCount "116"]
[EventDate "2016.08.18"]

1. e4 d5 2. exd5 Qxd5 3. Nc3 Qd6 4. d4 Nf6 5. Nf3 Bg4 6. h3 Bh5 7. Bc4 a6 8. g4
Bg6 9. Qe2 Nc6 10. Be3 b5 11. Bxb5 axb5 12. Nxb5 Qd7 13. c4 Ne4 14. Bf4 Nd6 15.
d5 Nxb5 16. dxc6 Qxc6 17. cxb5 Qb7 18. O-O Be4 19. Ng5 Bg2 20. Qc4 e6 21. Rfe1
Bh1 22. Ne4 Bf3 23. Re3 Bxe4 24. Qxe4 Rb8 25. a4 Qb6 26. Rc3 Bd6 27. Rc6 Qb7
28. Rac1 O-O 29. R6c4 Qa7 30. Qd4 Qxd4 31. Rxd4 e5 32. Rxd6 cxd6 33. Be3 d5 34.
f4 d4 35. Bf2 f6 36. fxe5 fxe5 37. Re1 Rfe8 38. Bg3 Rbc8 39. Rxe5 d3 40. Rxe8+
Rxe8 41. Bf4 Re4 42. Bg5 Rxa4 43. Bd2 Ra2 44. Kf2 Rxb2 45. Ke3 Rxb5 46. h4 Rd5
47. Ke4 Rd7 48. Ke3 Kf7 49. Ke4 Ke6 50. Ke3 g6 51. h5 gxh5 52. gxh5 Kf5 53. h6
Rd6 54. Kf3 Re6 55. Be3 Ke5 56. Kf2 Kd5 57. Kf3 Kc4 58. Bd2 Kb3 0-1

[Event "European Youth Chess Championship G18"]
[Site "Prague, Top Hotel Prague"]
[Date "2016.08.25"]
[Round "7.1"]
[White "Khomeriki, Nino"]
[Black "Osmak, Iulija"]
[Result "1-0"]
[WhiteElo "2338"]
[BlackElo "2344"]
[PlyCount "119"]
[EventDate "2016.08.18"]

1. d4 d5 2. c4 c6 3. cxd5 cxd5 4. Bf4 Nc6 5. e3 Nf6 6. Nc3 Bg4 7. Qb3 Na5 8.
Qa4+ Bd7 9. Qc2 Rc8 10. Bd3 e6 11. Nf3 Be7 12. O-O O-O 13. Rfc1 b5 14. a3 h6
15. Ne5 a6 16. Rd1 Nh5 17. Be2 Nxf4 18. exf4 Nc4 19. Bxc4 bxc4 20. f5 Be8 21.
Re1 Rb8 22. Re2 Qb6 23. Qd2 Bf6 24. Rd1 Qd6 25. Qf4 Bd7 26. Qf3 Bd8 27. g3 Rb3
28. h4 Bc8 29. Rdd2 a5 30. Re3 Qb6 31. Qe2 Qb7 32. fxe6 Bxe6 33. Ng6 fxg6 34.
Rxe6 Bf6 35. Na4 Qf7 36. Nc5 Rbb8 37. Qg4 Rbe8 38. Rde2 Rxe6 39. Nxe6 Re8 40.
Nf4 Bxd4 41. Rd2 Re4 42. Kg2 Be5 43. Rxd5 Bxb2 44. Qc8+ Re8 45. Qxc4 Bxa3 46.
Nxg6 Bb4 47. h5 Be1 48. f3 Qe6 49. Nf4 Qf7 50. Ng6 Bb4 51. Qd3 Qf6 52. Rd7 Qb2+
53. Kh3 Qa2 54. Nf4 Bf8 55. Qg6 Re1 56. Rd8 Qf7 57. Qc6 Qe7 58. Qd5+ Qf7 59.
Ng6 Qxd5 60. Rxf8+ 1-0

[Event "European Youth Chess Championship G18"]
[Site "Prague, Top Hotel Prague"]
[Date "2016.08.25"]
[Round "7.2"]
[White "Unuk, Laura"]
[Black "Vidic, Teja"]
[Result "1-0"]
[WhiteElo "2240"]
[BlackElo "2149"]
[PlyCount "51"]
[EventDate "2016.08.18"]

1. d4 d5 2. c4 c6 3. Nf3 Nf6 4. e3 e6 5. Nbd2 Nbd7 6. b3 Bd6 7. Bb2 O-O 8. Bd3
b6 9. O-O Bb7 10. Qe2 c5 11. cxd5 exd5 12. Rfd1 Qe7 13. Nf1 Ne4 14. Rac1 Rad8
15. Ba1 Rfe8 16. Ng3 Nxg3 17. hxg3 h6 18. Bb5 Rf8 19. Nh4 Qg5 20. f4 Qxg3 21.
Nf5 Qg6 22. Bd3 Qe6 23. dxc5 Bxc5 24. b4 Bxb4 25. Nxg7 Qe7 26. Nf5 1-0

[Event "European Youth Chess Championship G18"]
[Site "Prague, Top Hotel Prague"]
[Date "2016.08.25"]
[Round "7.3"]
[White "Keetman, Maaike"]
[Black "Drogovoz, Irina"]
[Result "0-1"]
[WhiteElo "2101"]
[BlackElo "2126"]
[PlyCount "106"]
[EventDate "2016.08.18"]

1. e4 c5 2. Nf3 e6 3. d4 cxd4 4. Nxd4 Nf6 5. Nc3 d6 6. Be3 a6 7. f3 b5 8. Qd2
b4 9. Na4 Nbd7 10. c4 bxc3 11. Nxc3 Bb7 12. Be2 Be7 13. O-O O-O 14. Rac1 Rc8
15. Rfd1 Kh8 16. Nb3 Ne5 17. Na4 Nc6 18. Nb6 Rb8 19. Rc2 d5 20. exd5 Nb4 21.
dxe6 fxe6 22. Qxd8 Bxd8 23. Rc4 Nxa2 24. Nd7 Nxd7 25. Rxd7 Bd5 26. Rg4 Rxb3 27.
Rgxg7 Bf6 28. Rxh7+ Kg8 29. Bh6 Rd8 30. Bxa6 Rxd7 31. Rxd7 Nb4 32. Bb7 Bd4+ 33.
Kf1 Rxb2 34. Bxd5 Nxd5 35. Rd8+ Kh7 36. Bg5 Rf2+ 37. Ke1 Rxg2 38. h4 Kg6 39.
Re8 Kf7 40. Rd8 Kg6 41. Re8 Kf5 42. Rf8+ Ke5 43. Kf1 Ra2 44. Bh6 Ne3+ 45. Bxe3
Bxe3 46. h5 Rh2 47. Rf7 Rxh5 48. Ke2 Bf4 49. Ra7 Rh2+ 50. Kf1 Be3 51. Ra3 Kf4
52. Ra6 Kxf3 53. Rxe6 Rh1# 0-1

[Event "European Youth Chess Championship G18"]
[Site "Prague, Top Hotel Prague"]
[Date "2016.08.25"]
[Round "7.4"]
[White "Trippold, Denise"]
[Black "Kubicka, Anna"]
[Result "0-1"]
[WhiteElo "2066"]
[BlackElo "2209"]
[PlyCount "106"]
[EventDate "2016.08.18"]

1. d4 Nf6 2. c4 g6 3. Nc3 Bg7 4. e4 d6 5. Nf3 O-O 6. Be2 e5 7. O-O Nbd7 8. d5
Nh5 9. g3 a5 10. Be3 Nc5 11. Nd2 Nf6 12. a3 Bh3 13. Re1 b6 14. b4 Na6 15. Rb1
axb4 16. axb4 Qc8 17. f3 Nh5 18. Qb3 f5 19. Ra1 f4 20. Bf2 fxg3 21. hxg3 Bh6
22. Ra2 Qd8 23. Kh2 Bg4 24. Ncb1 Bc8 25. c5 bxc5 26. Bxa6 Rxa6 27. Rxa6 Bxa6
28. bxc5 Bc8 29. c6 Nxg3 30. Bxg3 Bf4 31. Kg2 Qg5 32. Nf1 Ba6 33. Kf2 Bxf1 34.
Rxf1 Bxg3+ 35. Ke2 Qh5 36. Kd1 g5 37. Qe3 g4 38. Nd2 Bf4 39. Qg1 Qg5 40. Nc4
gxf3 41. Qh1 Be3 42. Rxf3 Qg4 43. Ke2 Bg5 44. Kf2 Ra8 45. Qb1 Bh4+ 46. Ke3 Qg5+
47. Kd3 Qg2 48. Rf1 Qg3+ 49. Ke2 Kh8 50. Rf5 Ra2+ 51. Nd2 Qg2+ 52. Kd3 Qxd2+
53. Kc4 Ra4+ 0-1

[Event "European Youth Chess Championship G18"]
[Site "Prague, Top Hotel Prague"]
[Date "2016.08.25"]
[Round "7.5"]
[White "Narva, Mai"]
[Black "Pychova, Nela"]
[Result "1-0"]
[WhiteElo "2202"]
[BlackElo "2072"]
[PlyCount "129"]
[EventDate "2016.08.18"]

1. e4 c6 2. Nc3 d5 3. Nf3 Bg4 4. h3 Bxf3 5. Qxf3 e6 6. d4 Nf6 7. Bd3 dxe4 8.
Nxe4 Nxe4 9. Qxe4 Nd7 10. O-O Nf6 11. Qh4 Bd6 12. c4 Qe7 13. Be3 c5 14. Bc2
O-O-O 15. dxc5 Bxc5 16. Qg3 Rhg8 17. b4 Bxe3 18. Qxe3 Kb8 19. c5 Nd5 20. Qf3
Qf6 21. Qg3+ Qf4 22. Qxf4+ Nxf4 23. Bxh7 Rh8 24. Bc2 Rd5 25. Kh2 Rg5 26. Rg1
Rgh5 27. Rge1 Rg5 28. Be4 e5 29. Bf3 Nd3 30. Re3 Nxf2 31. Rf1 e4 32. Be2 Nd3
33. Rxf7 Ne5 34. Rf4 Rd8 35. Rexe4 Nc6 36. h4 Rgd5 37. Rf7 g6 38. Rg7 Ne5 39.
Bc4 Rd4 40. Rxd4 Rxd4 41. Be6 b6 42. cxb6 axb6 43. Kh3 Rxb4 44. g4 Nd3 45. Kg3
Re4 46. Bd5 Re3+ 47. Bf3 Ne5 48. Kf4 Re1 49. h5 gxh5 50. gxh5 Nd3+ 51. Kg5 Rg1+
52. Kh6 Ra1 53. Be4 Nc5 54. Bd5 Rd1 55. Bb3 Rh1 56. Kg6 Rg1+ 57. Kh7 Rh1 58. h6
Ne4 59. Kg6 Rg1+ 60. Kf5 Ng3+ 61. Ke6 Re1+ 62. Kd7 Ne4 63. h7 Nf6+ 64. Kc6 Rh1
65. Rg8+ 1-0

[Event "European Youth Chess Championship G18"]
[Site "Prague, Top Hotel Prague"]
[Date "2016.08.25"]
[Round "7.6"]
[White "Georgescu, Lena"]
[Black "Shivacheva, Donika"]
[Result "1-0"]
[WhiteElo "2174"]
[BlackElo "2035"]
[PlyCount "115"]
[EventDate "2016.08.18"]

1. e4 Nc6 2. Nc3 Nf6 3. d4 e6 4. Nf3 d5 5. e5 Ne4 6. Ne2 f6 7. Ng3 Be7 8. Bd3
f5 9. O-O O-O 10. c3 Qe8 11. Ne1 Nd8 12. f3 Nxg3 13. hxg3 c5 14. Be3 Nc6 15. f4
b6 16. a3 Bd7 17. g4 g6 18. Rc1 Na5 19. b4 Ba4 20. Qe2 Nb3 21. Rb1 c4 22. Bc2
a5 23. gxf5 gxf5 24. g4 Kh8 25. gxf5 exf5 26. Rf2 Rg8+ 27. Rg2 Rxg2+ 28. Qxg2
Qh5 29. Bd1 Qh6 30. Qh2 Rg8+ 31. Ng2 Qe6 32. Bf3 Rg6 33. Kf2 Bc6 34. Rh1 Qg8
35. Qh5 Qf7 36. Ke2 axb4 37. axb4 Qg8 38. Kf2 Qf7 39. Kf1 Bd8 40. Rh3 Kg8 41.
Kg1 Be7 42. Kh2 Bd8 43. Nh4 Bxh4 44. Qxh4 Qa7 45. Qd8+ Kg7 46. Bf2 Nd2 47. Bg2
b5 48. Bh4 Ne4 49. Bf6+ Nxf6 50. exf6+ Rxf6 51. Rxh7+ Kxh7 52. Qxf6 Qc7 53.
Qxf5+ Kg8 54. Bxd5+ Bxd5 55. Qxd5+ Kh7 56. Qf5+ Kg8 57. Kg3 Qe7 58. Qg5+ 1-0

[Event "European Youth Chess Championship G18"]
[Site "Prague, Top Hotel Prague"]
[Date "2016.08.25"]
[Round "7.7"]
[White "Fuskova, Martina"]
[Black "Diakonova, Ekaterina"]
[Result "0-1"]
[WhiteElo "2063"]
[BlackElo "2172"]
[PlyCount "108"]
[EventDate "2016.08.18"]

1. e4 c6 2. d4 d5 3. e5 Bf5 4. Nf3 e6 5. Be2 c5 6. Be3 cxd4 7. Nxd4 Ne7 8. c4
Nbc6 9. Qa4 a6 10. Nc3 dxc4 11. O-O-O Qa5 12. Qxa5 Nxa5 13. Nxf5 Nxf5 14. Bb6
Nc6 15. f4 Rc8 16. Bxc4 g5 17. fxg5 Nxe5 18. Bb3 Bg7 19. Kb1 O-O 20. Rhe1 Rc6
21. Bg1 Rfc8 22. Ne4 b5 23. Nf6+ Bxf6 24. gxf6 Ng4 25. Rd7 Nxf6 26. Ra7 Ne4 27.
a3 Nd2+ 28. Ka2 Nxb3 29. Kxb3 Rd8 30. Re2 h5 31. Bf2 Kg7 32. Kb4 Nd4 33. Bxd4+
Rxd4+ 34. Kb3 Kg6 35. Ra8 f6 36. Rg8+ Kf7 37. Rh8 h4 38. Rh7+ Kg6 39. Re7 e5
40. Re8 Kf5 41. Re7 Rf4 42. Re8 Re6 43. Rc8 e4 44. Kc3 Rf1 45. Rd8 Ke5 46. Rh8
Rc6+ 47. Kd2 f5 48. Rh7 Re6 49. Rxh4 Rd6+ 50. Kc2 Rc6+ 51. Kb3 Kd4 52. Rh3 Rd1
53. Ka2 f4 54. Rb3 e3 0-1

[Event "European Youth Chess Championship G18"]
[Site "Prague, Top Hotel Prague"]
[Date "2016.08.25"]
[Round "7.8"]
[White "Saumanaite, Skaiste"]
[Black "Salimova, Nurgyul"]
[Result "1/2-1/2"]
[WhiteElo "1905"]
[BlackElo "2147"]
[PlyCount "90"]
[EventDate "2016.08.18"]

1. d4 Nf6 2. Nf3 e6 3. g3 b6 4. Bg2 Bb7 5. c4 Bb4+ 6. Bd2 Qe7 7. O-O Bxd2 8.
Qxd2 d6 9. Nc3 Nbd7 10. Qc2 O-O 11. e4 e5 12. Rfe1 a5 13. b3 Rfe8 14. Rad1 Rad8
15. Nd5 Nxd5 16. exd5 Qf6 17. Qc3 Re7 18. dxe5 Nxe5 19. Nxe5 dxe5 20. Rd3 Qd6
21. Rde3 Rde8 22. Qd3 Bc8 23. Qd2 Qc5 24. Qb2 f6 25. a3 Bf5 26. Rc1 Qd6 27. b4
axb4 28. Qxb4 Ra8 29. Rb3 Qxb4 30. axb4 Ra7 31. c5 Rd7 32. d6 Be6 33. Rd3 bxc5
34. bxc5 cxd6 35. c6 Rac7 36. Rb1 Rd8 37. Rb7 Rdc8 38. Rxd6 Kf7 39. Bd5 Bxd5
40. Rxd5 Ke6 41. Rd7 Rxd7 42. Rxd7 g6 43. Rxh7 Rxc6 44. Ra7 Kf5 45. Kg2 Rb6
1/2-1/2

[Event "European Youth Chess Championship G18"]
[Site "Prague, Top Hotel Prague"]
[Date "2016.08.25"]
[Round "7.9"]
[White "Rodionova, Daria"]
[Black "Verhoeff, Timardi"]
[Result "1-0"]
[WhiteElo "2279"]
[BlackElo "1870"]
[PlyCount "93"]
[EventDate "2016.08.18"]

1. e4 c6 2. d4 d5 3. Nc3 dxe4 4. Nxe4 Bf5 5. Ng3 Bg6 6. h4 h6 7. Nf3 Nd7 8. h5
Bh7 9. Bd3 Bxd3 10. Qxd3 e6 11. Bd2 Ngf6 12. O-O-O Bd6 13. Ne4 Nxe4 14. Qxe4
Qc7 15. g3 Nf6 16. Qe2 O-O-O 17. c4 c5 18. Bc3 Qe7 19. Kb1 Rhe8 20. Ne5 cxd4
21. Bxd4 Bxe5 22. Qxe5 b6 23. f4 Qc7 24. Qe2 Qc6 25. Rhe1 Rd7 26. Bxf6 gxf6 27.
Rxd7 Qxd7 28. Qf3 Qb7 29. Qc3 Rd8 30. c5 Qc6 31. Qa3 bxc5 32. Qxa7 Rd7 33. Qa3
Qd5 34. Rc1 Rc7 35. g4 Qe4+ 36. Ka1 Kb8 37. Qg3 Rd7 38. g5 Qc2 39. Qg1 Qh7 40.
Qxc5 Rb7 41. Qd6+ Ka7 42. Qd4+ Kb8 43. Qd8+ Ka7 44. Qa5+ Kb8 45. Rd1 Rc7 46.
Rd8+ Kb7 47. Qb5+ 1-0

[Event "European Youth Chess Championship G18"]
[Site "Prague, Top Hotel Prague"]
[Date "2016.08.25"]
[Round "7.10"]
[White "Paolillo, Gaia"]
[Black "Arvai, Eszter"]
[Result "1-0"]
[WhiteElo "2109"]
[BlackElo "1955"]
[PlyCount "123"]
[EventDate "2016.08.18"]

1. Nf3 Nf6 2. c4 b6 3. g3 Bb7 4. Bg2 e6 5. O-O Be7 6. b3 O-O 7. Bb2 c5 8. d4 d6
9. Nc3 cxd4 10. Nxd4 Bxg2 11. Kxg2 a6 12. Rc1 Qc7 13. Kg1 Nbd7 14. e4 Qb7 15.
Qe2 Rfd8 16. Rfd1 Rac8 17. f3 Bf8 18. Kg2 Ne8 19. a3 Nc7 20. b4 d5 21. cxd5
exd5 22. Nxd5 Nxd5 23. Rxc8 Qxc8 24. exd5 Nf6 25. Rc1 Qb7 26. Nc6 Rxd5 27. Bxf6
gxf6 28. Rc2 a5 29. Qc4 Qd7 30. Qf4 Qf5 31. Qxf5 Rxf5 32. bxa5 bxa5 33. a4 Kg7
34. f4 Rd5 35. Rc4 h6 36. Kf3 f5 37. Ke2 Kf6 38. Ne5 Bd6 39. Rc6 Ke7 40. Nc4
Bb4 41. Rxh6 f6 42. Rh7+ Ke6 43. Rc7 Rd8 44. Ra7 Rd4 45. Rc7 Kd5 46. Ne3+ Ke6
47. Rc6+ Kf7 48. Rc2 Kg6 49. h3 Rd8 50. Nc4 Rh8 51. h4 Rd8 52. Rc1 Rd4 53. Ke3
Re4+ 54. Kd3 Be1 55. Ne3 Bf2 56. h5+ Kxh5 57. g4+ fxg4 58. Kxe4 Kh4 59. Nf1 Kh3
60. Kf5 Bd4 61. Rd1 g3 62. Nxg3 1-0

[Event "European Youth Chess Championship G18"]
[Site "Prague, Top Hotel Prague"]
[Date "2016.08.25"]
[Round "7.11"]
[White "Asatryan, Sona"]
[Black "Miljkovic, Jovana"]
[Result "1-0"]
[WhiteElo "1857"]
[BlackElo "2024"]
[PlyCount "85"]
[EventDate "2016.08.18"]

1. e4 c5 2. Nf3 d6 3. d4 cxd4 4. Nxd4 Nf6 5. Nc3 a6 6. Bg5 e6 7. f4 h6 8. Bh4
Qb6 9. Qd2 Qxb2 10. Nb3 Nbd7 11. Bf2 Qa3 12. Rb1 Be7 13. Bd3 O-O 14. O-O Rd8
15. Be3 Ng4 16. Rf3 Nxe3 17. Qxe3 Nc5 18. e5 g6 19. Rh3 Bf8 20. Kh1 Nxd3 21.
cxd3 d5 22. d4 b6 23. Qd2 Qe7 24. Nd1 Bd7 25. Ne3 Bg7 26. Ng4 Qf8 27. Nc1 Bb5
28. Ne3 Rdc8 29. g4 f6 30. Ne2 Bxe2 31. Qxe2 fxe5 32. fxe5 b5 33. g5 h5 34. Qd3
Qe8 35. Ng2 Bf8 36. Nh4 Kg7 37. Rf3 Be7 38. Rbf1 Rc4 39. Rf6 Bxf6 40. gxf6+ Kf8
41. f7 Qc6 42. Qxg6 Rc1 43. Qh6+ 1-0

[Event "European Youth Chess Championship G18"]
[Site "Prague, Top Hotel Prague"]
[Date "2016.08.25"]
[Round "7.12"]
[White "Kyrkjebo, Hanna B"]
[Black "Chanturia, Ani"]
[Result "0-1"]
[WhiteElo "1999"]
[BlackElo "1737"]
[PlyCount "128"]
[EventDate "2016.08.18"]

1. e4 c6 2. d4 d5 3. Nd2 dxe4 4. Nxe4 Bf5 5. Ng3 Bg6 6. h4 h6 7. Nh3 e6 8. Nf4
Bh7 9. Bc4 Bd6 10. c3 Nf6 11. O-O O-O 12. Re1 Qc7 13. Ngh5 Nbd7 14. Qf3 Rfe8
15. Nxf6+ Nxf6 16. Nd3 Bf5 17. Ne5 Rad8 18. Bf4 Nd5 19. Bg3 Qe7 20. Ng4 Bxg4
21. Qxg4 Bxg3 22. Qxg3 Qd6 23. Qf3 Qe7 24. g3 Qf6 25. Qe4 Ne7 26. Bb3 Qf5 27.
Qe2 b5 28. Bc2 Qd5 29. Be4 Qd6 30. Rad1 Nd5 31. Bc2 a6 32. Qe4 Nf6 33. Qe5 Qxe5
34. Rxe5 Rd5 35. Rde1 Red8 36. Kf1 Nd7 37. Bb3 Nxe5 38. Bxd5 Nd3 39. Rd1 Nxb2
40. Rd2 cxd5 41. Rxb2 Rc8 42. Rb3 Kf8 43. Ke2 Ke7 44. Kd3 Kd6 45. Ra3 Rc6 46.
Rb3 Kc7 47. Rb1 Rc4 48. Rb3 Kb6 49. Ke3 f6 50. Kd3 e5 51. f3 a5 52. a3 exd4 53.
cxd4 b4 54. a4 Kc7 55. Rb1 Rc3+ 56. Ke2 Kd7 57. Ra1 Ra3 58. Rc1 Rxa4 59. Rc5 b3
60. Rb5 Rb4 61. Rxb4 axb4 62. Kd2 Kc6 63. Kc1 Kb5 64. Kb2 Kc4 0-1

[Event "European Youth Chess Championship G18"]
[Site "Prague, Top Hotel Prague"]
[Date "2016.08.25"]
[Round "7.13"]
[White "Egyed, Viktoria"]
[Black "Kanakova, Natalie"]
[Result "0-1"]
[WhiteElo "2007"]
[BlackElo "2179"]
[PlyCount "100"]
[EventDate "2016.08.18"]

1. e4 c5 2. c3 Nf6 3. e5 Nd5 4. d4 cxd4 5. cxd4 Nc6 6. Nf3 d6 7. Bc4 Nb6 8. Bb5
Bd7 9. exd6 e6 10. O-O Bxd6 11. Nc3 Ne7 12. Bd3 Ned5 13. Re1 O-O 14. Ng5 h6 15.
Nge4 Bf4 16. Qf3 Bxc1 17. Raxc1 Bc6 18. Qg3 Qb8 19. Nxd5 Nxd5 20. Bb1 Qxg3 21.
Nxg3 Rfd8 22. f3 Rd7 23. Ne4 Ne7 24. Nc5 Rxd4 25. a3 Rad8 26. Be4 Bxe4 27. Nxe4
Nd5 28. Rc2 b6 29. Rec1 f5 30. Ng3 Ne3 31. Rc7 Rd2 32. Nf1 Nxf1 33. Kxf1 Rxb2
34. Rc8 Rxc8 35. Rxc8+ Kh7 36. Rc7 a6 37. Re7 Kg6 38. Rxe6+ Kg5 39. g3 f4 40.
h4+ Kf5 41. Re7 fxg3 42. Rxg7 Rf2+ 43. Kg1 Rxf3 44. Rh7 Kg6 45. Rb7 Rb3 46. Rc7
Kh5 47. Rc6 Kg4 48. Kg2 Rb2+ 49. Kf1 Kh3 50. Rg6 Kh2 0-1

[Event "European Youth Chess Championship G18"]
[Site "Prague, Top Hotel Prague"]
[Date "2016.08.25"]
[Round "7.14"]
[White "Buiza, Prieto Eihartze"]
[Black "Salahidou, Reveka"]
[Result "0-1"]
[WhiteElo "2085"]
[BlackElo "1968"]
[PlyCount "82"]
[EventDate "2016.08.18"]

1. e4 c5 2. c3 d6 3. Nf3 a6 4. h3 g6 5. Bd3 e5 6. Bc2 Bg7 7. d3 Nc6 8. Nbd2
Nge7 9. Nf1 O-O 10. g4 b5 11. Ng3 d5 12. O-O h6 13. Be3 d4 14. Bd2 f5 15. exf5
gxf5 16. Nh2 f4 17. Ne4 Qb6 18. Bb3+ Kh7 19. Qf3 Nd8 20. cxd4 exd4 21. Rac1 Nb7
22. Rfe1 Ng6 23. Qe2 Bd7 24. Bd5 c4 25. dxc4 Rae8 26. Qd3 bxc4 27. Qxc4 Ne5 28.
Qc7 Qg6 29. f3 Nd8 30. Nf2 Qg5 31. Be4+ Kh8 32. Kg2 Ne6 33. Qd6 Qh4 34. Nh1 Ng5
35. Qa3 Qxh3+ 36. Kg1 d3 37. Rf1 Nexf3+ 38. Bxf3 Bd4+ 39. Rf2 Nxf3+ 40. Nxf3
Qxg4+ 41. Kh2 Qh3+ 0-1

[Event "European Youth Chess Championship G18"]
[Site "Prague, Top Hotel Prague"]
[Date "2016.08.25"]
[Round "7.15"]
[White "Cusmuliuc, Diana-Elena"]
[Black "Janska, Jitka"]
[Result "1-0"]
[WhiteElo "1945"]
[BlackElo "2052"]
[PlyCount "69"]
[EventDate "2016.08.18"]

1. e4 Nc6 2. Nf3 d5 3. exd5 Qxd5 4. Nc3 Qa5 5. d4 Bg4 6. Bb5 O-O-O 7. Bxc6 bxc6
8. Qd3 c5 9. d5 Nf6 10. Bd2 c4 11. Qxc4 Bxf3 12. gxf3 Nxd5 13. O-O-O e6 14. Kb1
Qb4 15. Qg4 Qb7 16. Nxd5 Qxd5 17. Bc1 Qxd1 18. Rxd1 Rxd1 19. f4 Rd5 20. c4 Rf5
21. Be3 Kb8 22. Qg2 Bc5 23. Qxg7 Rd8 24. Kc2 Bxe3 25. fxe3 h5 26. Qh7 Rd7 27.
b4 a5 28. a3 c6 29. Qh6 e5 30. Qh7 Rxf4 31. exf4 axb4 32. axb4 exf4 33. Qf5 Re7
34. Qxf4+ Kb7 35. Qf3 1-0

[Event "European Youth Chess Championship G18"]
[Site "Prague, Top Hotel Prague"]
[Date "2016.08.25"]
[Round "7.16"]
[White "Weis, Olga"]
[Black "Auvray, Honorine"]
[Result "1/2-1/2"]
[WhiteElo "1895"]
[BlackElo "2042"]
[PlyCount "55"]
[EventDate "2016.08.18"]

1. d4 g6 2. c4 Bg7 3. Nf3 c5 4. e4 cxd4 5. Nxd4 Nc6 6. Nc2 Nf6 7. Nc3 d6 8. Be2
O-O 9. O-O Be6 10. Be3 Ne5 11. b3 Nfg4 12. Bd4 f5 13. f4 Nc6 14. Bxg7 Kxg7 15.
Bxg4 fxg4 16. f5 Qa5 17. Nd5 Bxd5 18. exd5 Ne5 19. Nd4 Rf6 20. fxg6 hxg6 21.
Ne6+ Kf7 22. Qd4 b6 23. Rf2 Rh8 24. Raf1 Rh5 25. Nd8+ Kg7 26. Ne6+ Kf7 27. Nd8+
Kg7 28. Ne6+ 1/2-1/2

[Event "European Youth Chess Championship G18"]
[Site "Prague, Top Hotel Prague"]
[Date "2016.08.25"]
[Round "7.17"]
[White "Roklicer, Heike"]
[Black "Dmochowska, Agnieszka"]
[Result "1-0"]
[WhiteElo "1936"]
[BlackElo "2034"]
[PlyCount "119"]
[EventDate "2016.08.18"]

1. d4 Nf6 2. c4 e6 3. Nc3 Bb4 4. e3 c5 5. Nge2 b6 6. a3 Ba5 7. Rb1 Na6 8. Bd2
Bb7 9. Nf4 O-O 10. Be2 cxd4 11. exd4 Bxc3 12. Bxc3 d5 13. cxd5 Nxd5 14. Nxd5
Qxd5 15. Bf3 Qd7 16. O-O Bd5 17. Re1 Nc7 18. Re3 Rac8 19. Qd3 Rfd8 20. Bd1 Qc6
21. Bc2 g6 22. Rg3 Nb5 23. Re1 Nd6 24. Qd1 Be4 25. Bxe4 Nxe4 26. Rd3 Nxc3 27.
Rxc3 Qd5 28. Qa4 a5 29. h3 Rxc3 30. bxc3 Rc8 31. Re3 Kg7 32. Rf3 h5 33. Kh1 Rc6
34. Kg1 Rc8 35. Kh1 Rc6 36. Kg1 Qc4 37. Qd1 b5 38. Qe1 Qd5 39. Qe3 Rc7 40. Qf4
Qd8 41. Qe5+ Kg8 42. Qxb5 Qa8 43. c4 Rb7 44. Qe5 a4 45. d5 Qa5 46. Qe4 exd5 47.
cxd5 Qc7 48. d6 Qd7 49. Qd4 Rb1+ 50. Kh2 Rc1 51. Re3 Rc6 52. Rd3 Ra6 53. Qe5
Ra7 54. Re3 Kh7 55. Qe7 Kg7 56. g3 Rb7 57. Qe5+ Kh7 58. Qd4 Qf5 59. Re8 f6 60.
Re7+ 1-0

[Event "European Youth Chess Championship G18"]
[Site "Prague, Top Hotel Prague"]
[Date "2016.08.25"]
[Round "7.18"]
[White "Malatsilava, Volha"]
[Black "Gur, Tuba"]
[Result "1/2-1/2"]
[WhiteElo "2034"]
[BlackElo "1717"]
[PlyCount "74"]
[EventDate "2016.08.18"]

1. e4 c5 2. Nf3 Nc6 3. d4 cxd4 4. Nxd4 e5 5. Nb5 d6 6. N5c3 a6 7. Na3 b5 8. Nd5
Be7 9. Be3 Rb8 10. Bd3 Nf6 11. c3 Nxd5 12. exd5 Na5 13. O-O O-O 14. b4 Nb7 15.
c4 bxc4 16. Nxc4 Bd7 17. Rc1 Qe8 18. f4 f5 19. fxe5 dxe5 20. Nxe5 Bxb4 21. Bd4
Bc5 22. Bxc5 Nxc5 23. Re1 Ba4 24. Qf3 Nxd3 25. Qxd3 Qb5 26. Qxb5 Rxb5 27. Nd7
Rd8 28. Nc5 Rb4 29. a3 Rh4 30. g3 Rg4 31. Re5 g6 32. Nxa6 Bb3 33. Rc3 Rxd5 34.
Re7 Bc4 35. Nb4 Rd1+ 36. Kf2 Rd2+ 37. Kg1 Rd1+ 1/2-1/2